Pokémon - Noms A-Z (3) - Statistiques

Statistiques générales
  • Ce quiz a été pris 28 fois
  • Le résultat moyen est 22 sur 26
Statistiques - réponses
Par images Réponse % Correct
Dardargnan
100%
Feunard
100%
Heatran
100%
Jungko
100%
Pachirisu
96%
Tauros
96%
Yanmega
96%
Caratroc
92%
Écrapince
92%
Queulorior
92%
Shaymin
92%
Yveltal
92%
Vigoroth
88%
Zorua
84%
Gringolem
80%
Ixon
80%
Rapion
80%
Briochien
72%
Ogerpon
72%
Amovénus
68%
Maskadra
68%
Wagomine
68%
Krakos
64%
Lampignon
64%
Neitram
64%
Tag-Tag
64%
Aucun quiz correspondant
Distribution des résultats
% des personnes avec chaque résultat
Percentile par nombre de réponses
Votre historique - résultats
Vous n’avez pas pris ce quiz